000 01439nam a2200349 i 4500
003 EG-GICUC
005 20260418073202.0
008 260418s1935 inu||||fr|||| 00| 0 eng d
040 _aEG-GiCUC
_beng
_cEG-GiCUC
_dEG-GiCUC
_erda
041 _aeng
_heng
082 0 4 _221
_a343.39
_bUN . T
092 0 4 _221
099 _aLaw1 10 343.39 UN . T 4 ed - 1935
100 1 _aUnderhill, H. C
_d1858-1918.
_qHarry Clay
_eAuthor.
245 1 2 _aA treatise on the law of criminal evidence :
_bncluding the rules regulating the proper presentation of evidence and its relevancy, the mode of proof in particular classes of crimes and the competency and examination of witnesses, with full reference to decisions /
_cBy H.C. Underhill.
250 _a4th ed.
_brevised and edited by John Lewis Niblack ; assisted by the publisher's editorial staff.
264 1 _aIndianapolis :
_bBobbs-Merrill,
_c1898.
264 1 _aIndianapolis :
_bBobbs-Merrill,
_c1923.
264 1 _aIndianapolis :
_bBobbs-Merrill,
_c1935.
264 1 _aIndianapolis :
_bby H.C. Underhill.
_c1910.
300 _a1691 pages ;
_c26 cm.
336 _2rda content
_atext
337 _2rda media
_aComputer
338 _2rda carrier
_aOnline Resource
546 _aText in English
650 1 _aCriminal Law
650 1 _aCriminal Evidence
650 1 _aCriminal proof
856 4 0 _uhttps://fll.law.cu.edu.eg/fulltext/bks/B10-08610.pdf
905 _a43
942 _2ddc
_n0
_cBK
_e21
999 _c71574
_d71574